000 00312nam a2200145Ia 4500
100 _aRamanamurthy/V/ Srinivas/N.C
942 _cBK
654 _aMathematics
245 _aApplied Mathematics
260 _bS.Chand & co
_aPune
_c2001
082 _a511
_bMUR
300 _a720
546 _aENGLISH
999 _c32503
_d32503